Statistics for 21st century military dictatorships

Click here to take the quiz!

General Stats

  • This quiz has been taken 173 times
    (112 since last reset)
  • The average score is 8 of 22

Answer Stats

DateAnswer% Correct
1988-2011Burma
77%
1977-2011Libya
72%
2011-2012, 2013-2014Egypt
60%
2006-2008, 2014-presentThailand
56%
2010-2011Niger
43%
1999-2008Pakistan
43%
2011Algeria
42%
2012Mali
41%
2003-2005, 2013-2014Central African Republic
38%
2016-2017Ethiopia
35%
2005-2007, 2008-2009Mauritania
32%
2008-2010Guinea
31%
2017-2018Zimbabwe
31%
2015Burkina Faso
29%
2006-2014Fiji
24%
2003-2006Liberia
23%
2007-2008Bangladesh
20%
2003, 2012Guinea-Bissau
20%
2009-2010Honduras
19%
1999-2002Comoros
14%
2014Lesotho
9%
2003São Tomé and Príncipe
7%

Score Distribution

Percentile by Number Answered

Percent of People with Each Score

Your Score History

You have not taken this quiz since the last reset